El velo de Verónica

Bewaard in:
Bibliografische gegevens
Hoofdauteur: Le Fort, Gertrud Freün von (Auteur)
Formaat: Boek
Taal:Spaans
Gepubliceerd in: Santiago Zig - Zag 1946
Editie:2a. ed
Reeks:Biblioteca de Novelistas
Onderwerpen:
Tags: Voeg label toe
Geen labels, Wees de eerste die dit record labelt!

MARC

LEADER 00000cam a2200000 a 4500
001 UCE4155
003 CL-VaPUC
008 141009e19460000cl |||||||||||||||||spa|d
082 0 4 |a 833  |b VON  |2 21 
100 |a Le Fort, Gertrud Freün von  |e author  |9 320617 
245 1 3 |a El velo de Verónica 
250 |a 2a. ed 
300 |a 220 p 
942 |c BK 
945 |d 20141009 14:36:00  |a arojas 
260 |a Santiago  |b Zig - Zag  |c 1946 
650 0 |a Novelas alemanas   |9 265783 
650 0 |a Literatura alemana   |9 265457 
583 |a last modification  |c 20141009 14:36:00  |k Rodrigo Vera 
490 0 |a Biblioteca de Novelistas 
999 |c 357212  |d 357210 
952 |0 0  |1 0  |3 erb  |4 0  |6 833_000000000000000_VON_1946  |7 0  |8 P  |9 465063  |a BIBEDU  |b BIBEDU  |c BIBEDU_PB  |i 5041740  |o 833 VON 1946  |p 5041740  |r 2024-01-25  |w 2019-11-23  |y BK  |z Catalogado en:20141009  |k LIT